000
00200nam a22000857a 4500
008
161219b xxu||||| |||| 00| 0 eng d
100
_9
2135
_a
Tychna P
245
_a
Little Evan
260
_a
Dnipro
_b
Kiev
_c
1981
999
_c
5015
_d
5015